000 00838nam a2200253 i 4500
001 181340
003 ES-MaACL
005 20251009185055.0
008 121210s2011 sp | |||||||| | spa d
020 _a978-84-7522-113-7
080 _a821.111(71)-14"19"
100 1 _aCohen, Leonard.
_939504
245 1 0 _aFlores para Hitler /
_cLeonard Cohen ; traducción de Antonio Resines.
250 _a4ª ed.
260 _aMadrid :
_bVisor Libros,
_c2011.
300 _a353 p. ;
_c20 cm.
490 1 _aColección Visor de poesía ;
_vv. 113
546 _aTexto en inglés y traducción en español.
700 0 _aResines, Antonio,
_d1949-
_996328
830 0 _aColección Visor de poesía
_vv. 113
_9177331
852 _aES-MaACL
_jA-12380
_9188224
_bR.148361
_cDEPO1
_dOlim: N-5385
942 _2udc
_cMONOGRAFIA
999 _c181340
_d181340